[Event "Perth op"]
[Site "Perth"]
[Date "2023.01.07"]
[Round "8"]
[White "Laubbacher, Jamie"]
[Black "Umasankar, Naveen Ramnat"]
[Result "1-0"]
[WhiteElo "1797"]
[BlackElo "1573"]
[PlyCount "57"]
[EventDate "2023.01.02"]
[EventType "swiss"]
[EventRounds "11"]
[EventCountry "AUS"]
[SourceTitle "CBM 212 Extra"]
[Source "ChessBase"]
[SourceDate "2023.03.31"]
[SourceVersion "1"]
[SourceVersionDate "2023.03.31"]
[SourceQuality "1"]

1. c4 Nf6 2. Nc3 g6 3. e4 d6 4. d4 Bg7 5. f3 0-0 6. Bg5 c5 7. d5 a6 8. a4 Nbd7 9. Qd2 Qc7 10. Nh3 Rb8 11. Nf2 Re8 12. Be2 e6 13. dxe6 fxe6 14. Rd1 Bf8 15. 0-0 b6 16. f4 Bb7 17. e5 dxe5 18. fxe5 Qxe5 19. Bf4 Qd4 20. Qc1 e5 21. Bg3 Rbd8 22. Rfe1 Bg7 23. Rxd4 cxd4 24. Nd5 Nxd5 25. cxd5 Nc5 26. Bh4 Rd7 27. Qd1 Bxd5 28. b4 Bb3 29. Qb1 1-0

[Event "Perth op"]
[Site "Perth"]
[Date "2023.01.07"]
[Round "9"]
[White "Umasankar, Naveen Ramnat"]
[Black "Rice, Lauren"]
[Result "1/2-1/2"]
[WhiteElo "1573"]
[BlackElo "1594"]
[PlyCount "106"]
[EventDate "2023.01.02"]
[EventType "swiss"]
[EventRounds "11"]
[EventCountry "AUS"]
[SourceTitle "CBM 212 Extra"]
[Source "ChessBase"]
[SourceDate "2023.03.31"]
[SourceVersion "1"]
[SourceVersionDate "2023.03.31"]
[SourceQuality "1"]

1. e4 c5 2. d4 cxd4 3. c3 dxc3 4. Nxc3 g6 5. Nf3 Bg7 6. Bc4 d6 7. 0-0 Nd7 8. Qd5 e6 9. Qxd6 Ne7 10. Bg5 h6 11. Bh4 g5 12. Bg3 a6 13. Rad1 0-0 14. Bb3 Ng6 15. e5 g4 16. Nd4 Ndxe5 17. Qc5 Bd7 18. Rfe1 Rc8 19. Qd6 Bc6 20. Qb4 Qg5 21. Nxc6 Nxc6 22. Qxb7 Nge5 23. Ne4 Qg6 24. Qxa6 h5 25. Nd6 Ra8 26. Qe2 h4 27. Bxe5 Nxe5 28. Qe4 f5 29. Nxf5 Rxf5 30. Qxa8+ Rf8 31. Rxe5 Bxe5 32. Qc6 Bxb2 33. Qxe6+ Kh7 34. Rd7+ Bg7 35. Qxg6+ Kxg6 36. g3 h3 37. Bd1 Re8 38. Kf1 Bc3 39. Be2 Kg5 40. Rd3 Be5 41. Re3 Kf5 42. Bd3+ Kf6 43. Re4 Rc8 44. Rc4 Rd8 45. Ke2 Bd4 46. a4 Ke5 47. a5 Rf8 48. Rc2 Rxf2+ 49. Kd1 Rg2 50. a6 Rg1+ 51. Kd2 Rh1 52. Ra2 Rxh2+ 53. Be2 Ba7 1/2-1/2

[Event "Perth op"]
[Site "Perth"]
[Date "2023.01.05"]
[Round "5"]
[White "Umasankar, Naveen Ramnat"]
[Black "Moseley, Paul"]
[Result "1-0"]
[WhiteElo "1573"]
[BlackElo "1357"]
[PlyCount "61"]
[EventDate "2023.01.02"]
[EventType "swiss"]
[EventRounds "11"]
[EventCountry "AUS"]
[SourceTitle "CBM 212 Extra"]
[Source "ChessBase"]
[SourceDate "2023.03.31"]
[SourceVersion "1"]
[SourceVersionDate "2023.03.31"]
[SourceQuality "1"]

1. e4 c5 2. d4 cxd4 3. c3 dxc3 4. Nxc3 Nc6 5. Nf3 d6 6. Bc4 Bg4 7. Bxf7+ Kd7 8. h3 Bxf3 9. Qxf3 e6 10. e5 Rb8 11. Bf4 g5 12. Qg4 Qe7 13. Bxg8 gxf4 14. exd6 Qe8 15. Ne4 Qg6 16. Bxe6+ Kd8 17. Qh4+ Be7 18. dxe7+ Kc7 19. Qxf4+ Kb6 20. Qe3+ Kc7 21. Qg3+ Kb6 22. Qxg6 hxg6 23. 0-0 Nxe7 24. Rfd1 a6 25. Rac1 Nc6 26. Bd5 Rhd8 27. Bxc6 bxc6 28. Nf6 Kc7 29. b3 Rb5 30. Rxd8 Kxd8 31. Rxc6 1-0